000 01242nam a2200253 i 4500
001 166526
003 ES-MaACL
005 20250824211013.0
008 990910m18801890sp |||| | spa d
080 _a821.134.2-22"15"
080 _a821.134.2-12"15"
100 1 _aTorres Naharro, Bartolomé de.
_9110993
245 1 0 _aPropaladia /
_cde Bartolomé de Torres Naharro ... ; reimprímela, seguida de observaciones acerca de su importancia en la historia del teatro español, acompañada de noticias bibliográficas e ilustrada con sumaria explicación de los vocablos oscuros, D. Manuel Cañete.
260 _aMadrid :
_bLibrería de los Bibliófilos :
_bFernando Fe,
_c1880-1890 (
_fImp. de Aribau y Compañía, sucesores de Rivadeneyra)
300 _a2 v. (X 429 ; CLIII, 417 p.) ;
_c19 cm.
490 1 _aLibros de antaño ;
_v9-10
594 _aEl v. 2 incluye un extenso estudio crítico de M. Menéndez y Pelayo.
594 _aIncluye reprod. facsímil de la port. de la obra.
700 1 _aCañete, Manuel,
_d1822-1891
_934750
700 1 _aMenéndez y Pelayo, Marcelino,
_d1856-1912
_980332
830 0 0 _aLibros de antaño
_v9-10
_9188315
852 _aES-MaACL
_jF-13538-39
_z- Enc. hol.
999 _c166526
_d166526